| 000 | 00434ntaaa2200181 4500 | ||
|---|---|---|---|
| 003 | 01 | ||
| 005 | 20251027202638.0 | ||
| 008 | 0714s1973 ag 01 | ||
| 040 |
_aAR-BaBN _bspa _cAR-BaBN _eaacr _dRIC |
||
| 082 | _a372.4000 G91 | ||
| 100 | _aGrosso, Juan B | ||
| 245 | _aRonda redonda | ||
| 250 | _a1 ed. | ||
| 260 |
_aBuenos Aires : _bEditorial Kapelusz, _cc1957 |
||
| 300 | _a86 p | ||
| 650 |
_aniños-poesías _917715 |
||
| 942 | _cBK | ||
| 999 |
_c21626 _d21626 |
||